000 00622nam a2200217Ia 4500
005 20241129105841.0
008 241129s9999||||xx |||||||||||||| ||und||
020 _a978-81-8223-471-0
037 _aTB
040 _aARTS
_beng
_cARTS
041 _aeng
_2urd
084 _aO168,3N29x P9.1-.2
_qARTS
100 _aMateen Iqbal Au.
_9586528
245 0 _aIqbal Mateen ke afsane
_cMateen Iqbal Au.
260 _aDelhi, India
_bEducational Publishing House
_c2009
365 _aINR
_b1200
490 _v V1
650 _aUrdu Fiction
_93298
942 _cTB
_hO168,3N29x P9.1-.2
999 _c1226273
_d1226273